Add a Letter - A - Statistics

General Stats
  • This quiz has been taken 1,209 times
  • The average score is 9 of 10
Answer Stats
Word Add "A" % Correct
Cost Coast
100%
Men Mean
97%
Pin Pain
97%
Per Pear
97%
Hunt Haunt
96%
Pint Paint
96%
Fun Faun
95%
Stir Stair
95%
Jar Ajar
94%
String Staring
83%
No matching quizzes found
Score Distribution
Percent of People with Each Score
Percentile by Number Answered
Your Score History
You have not taken this quiz